| 000 | 00372nam a22001577a 4500 | ||
|---|---|---|---|
| 003 | OSt | ||
| 005 | 20170105103444.0 | ||
| 008 | 120508t xxu||||| |||| 00| 0 eng d | ||
| 020 | _a9781405135610 | ||
| 040 | _cASAB | ||
| 100 |
_aDavid Brown, Kevin Gatter _9272 |
||
| 245 | _aBone Marrow Diagnosis | ||
| 300 | _a216 | ||
| 650 |
_aBone Marrow Diagnosis _9273 |
||
| 942 |
_2lcc _cBK |
||
| 999 |
_c16539 _d16539 |
||